00741pam a2200229 a 450000100060000000300080000600500170001400800390003102000150007003500190008504000320010404100080013608200260014410000360017024500600020625000120026626000680027830000490034650400510039565000180044670000470046411576BD-RjUL20211208235140.0140127s1996 caua b 001 0 eng a0805339310 a(BD-RjUL)11625 aDLCcDLCdDLCdBD-RjULbeng aeng00a574.192220bMAB 19961 aMathews, Christopher K.,d1937-10aBiochemistry /cChristopher K. Mathews, K.E. van Holde. a2nd ed. aMenlo Park, Calif. :bBenjamin/Cummings Pub. Co., Inc.,cc1996. axxvii, 1159 p. :bill. (some col.) ;c29 cm. aIncludes bibliographical references and index. 0aBiochemistry.1 aVan Holde, K. E. q(Kensal Edward),d1928-